000 00501cam a22001337a 4500
008 180718bn.d. xxu||||| |||| 00| 0 eng d
082 _aA81x54 In2/81/18/Pap1/1982
100 _aCensus of India 1981
245 _aRajasthan: final population figures
260 _aDelhi
_bThe Controller of Publications
_cn.d.
300 _a30+p.
440 _aCensus of India 1981. Series-18, Rajasthan. Paper 1 of 1982
500 _aContents: Total population, scheduled caste population and scheduled tribe population
999 _c483256
_d483256